مكتبة جامعة عجلون الوطنية

فهرس بحث المكتبة

Normal view MARC view
  • ناصر الدين الاسد-الحضور الدائم-وقائع ندوة

Entry Topical Term

Number of records used in: 1

001 - CONTROL NUMBER

  • control field: 50218

003 - CONTROL NUMBER IDENTIFIER

  • control field: JO-AjAnu

005 - DATE AND TIME OF LATEST TRANSACTION

  • control field: 20230606082253.0

008 - FIXED-LENGTH DATA ELEMENTS

  • fixed length control field: 230606|| aca||aabn | a|a d

040 ## - CATALOGING SOURCE

  • Original cataloging agency: JO-AjAnu
  • Transcribing agency: JO-AjAnu

150 ## - HEADING--TOPICAL TERM

  • Topical term or geographic name entry element: ناصر الدين الاسد-الحضور الدائم-وقائع ندوة

670 ## - SOURCE DATA FOUND

  • Source citation: Work cat.: (JO-AjAnu)25675: مركز دراسات الوحدة الاسلامية؛ جمعية الدعوة الاسلامية العالمية, author 50217, ناصر الدين الاسد الحضور الدائم